| 000 | 00492nam a2200181Ia 4500 | ||
|---|---|---|---|
| 999 |
_c2206 _d2206 |
||
| 020 | _a81-7033-433-8 | ||
| 082 | _a954.04 IND- | ||
| 245 | 0 | _aIndia's partition: preludes and legacies | |
| 260 |
_aJaipur _bRawat Publications _c1998 |
||
| 300 | _a377p. | ||
| 440 | _aSouth Asia studies series; 35 | ||
| 504 | _aIncludes index | ||
| 650 | _aIndia-Pakistan conflict - 1947-1949 | ||
| 650 | _aIndia - History - Partition - 1947 | ||
| 700 | _aRamakant | ||
| 700 | _aMahan, Rajan | ||
| 942 | _cBK | ||